Catálogo
 En Linea

Historia de la psicologia / (Registro nro. 15189)

Detalles MARC
000 -CABECERA
campo de control de longitud fija 00648nam a2200205 i 4500
001 - NÚMERO DE CONTROL
campo de control 000015637
005 - FECHA Y HORA DE LA ÚLTIMA TRANSACCIÓN
campo de control 20200929164112.0
008 - DATOS DE LONGITUD FIJA--INFORMACIÓN GENERAL
campo de control de longitud fija 791012m19779999sp 000 0 spa
010 ## - NÚMERO DE CONTROL DE LA BIBLIOTECA DEL CONGRESO
Número de control de LC 79111138
015 ## - NÚMERO DE BIBLIOGRAFÍA NACIONAL
Número de bibliografía nacional Sp78-May (v. 2, pt. 2)
020 ## - NÚMERO INTERNACIONAL ESTÁNDAR DEL LIBRO
Número Internacional Estándar del Libro 8474280192 (v. 1)
040 ## - FUENTE DE LA CATALOGACIÓN
Centro catalogador/agencia de origen DO-SdBNP
Centro/agencia transcriptor DLC
Centro/agencia modificador DLC
050 00 - SIGNATURA TOPOGRÁFICA DE LA BIBLIOTECA DEL CONGRESO
Número de clasificación BF85
Número de documento/Ítem .C36
100 1# - ENTRADA PRINCIPAL--NOMBRE DE PERSONA
Nombre de persona Caparros, Antonio,
Fechas asociadas al nombre 1938-
9 (RLIN) 35233
245 10 - MENCIÓN DE TÍTULO
Título Historia de la psicologia /
Mención de responsabilidad, etc. [por el] Dr. Antonio Caparros.
260 ## - PUBLICACIÓN, DISTRIBUCIÓN, ETC.
Lugar de publicación, distribución, etc. [Esplugas de Llobregat, Barcelona] :
Nombre del editor, distribuidor, etc. Circulo Editor Universo,
Fecha de publicación, distribución, etc. D.L. 1977-.
300 ## - DESCRIPCIÓN FÍSICA
Extensión v. ;
Dimensiones 27 cm.
650 #0 - PUNTO DE ACCESO ADICIONAL DE MATERIA--TÉRMINO DE MATERIA
Término de materia o nombre geográfico como elemento de entrada Psychology
Subdivisión general History.
9 (RLIN) 35234
910 ## - DATOS DE OPCIÓN DEL USUARIO (OCLC)
Datos de opción del usuario Catalogación derivada
Existencias
Estado de retiro Estado de pérdida Restricciones de uso No para préstamo Código de colección Localización permanente Ubicación/localización actual Ubicación en estantería Fecha de adquisición Número de inventario Total de préstamos Signatura topográfica completa Código de barras Fecha visto por última vez Precio válido a partir de Tipo de ítem Koha
    Préstamo interno Préstamo restrigido Monografías: Libros y Folletos General General En encuadernación 15.02.2010 LF1   15637-10 25.06.2020 25.06.2020 Préstamo interno

Con tecnología Koha